000 00715nam a2200265Ia 4500
003 OSt
005 20220924120822.0
006 a|||||r|||| 00| 0
007 ta
008 220923b |||||||| |||| 00| 0 san d
024 _a155265
037 _cTextual
040 _aARTS
_cARTS
_bsan
041 _2san
_asan
082 _aO15,1D40x, 152K7
100 _aKalidas
245 0 _aRaguvansh
250 _alaLd0 4
260 _aDelhi
_bRajpal & Sons India
_c1967
300 _a166p.
_ccm.
650 _aSANSKRIT LITERATURE
700 _a Vidhyavachaspati Inder Tr.
_9183305
942 _hO15,1D40x, 152K7
_cTEXL
_2CC
999 _c404501
_d404501